Mouldy rot caused by Ceratocystis fimbriata Ell & Halst (Ceratostomella fimbriata)(E & H) Elliot Sphaeronema fimbriatum (E&H)Sacc) (Record no. 63312)

MARC details
000 -LEADER
fixed length control field 00408nam a2200121Ia 4500
100 ## - MAIN ENTRY--AUTHOR NAME
Personal name Ramakrishnan
245 #0 - TITLE STATEMENT
Title Mouldy rot caused by Ceratocystis fimbriata Ell & Halst (Ceratostomella fimbriata)(E & H) Elliot Sphaeronema fimbriatum (E&H)Sacc)
260 ## - PUBLICATION, DISTRIBUTION, ETC. (IMPRINT)
Name of publisher Rubber Board Bulletin
Year of publication 1962-63
300 ## - PHYSICAL DESCRIPTION
Number of Pages 121-124
700 ## - ADDED ENTRY--PERSONAL NAME
Personal name Pillay P N R
942 ## - ADDED ENTRY ELEMENTS (KOHA)
Koha item type Journals
100 ## - MAIN ENTRY--AUTHOR NAME
-- T S
Holdings
Withdrawn status Lost status Damaged status Not for loan Home library Current library Shelving location Date acquired Serial Enumeration / chronology Koha item type
      Journals RRII Library RRII Library Pathology 17/12/2021 Volume 6, Issue Journals